[Event "Heusenstamm Schloss op"]
[Site "Heusenstamm"]
[Date "2022.11.19"]
[Round "5"]
[White "Kardoeus, David"]
[Black "Nerz, Lenard"]
[Result "1-0"]
[WhiteElo "2167"]
[BlackElo "1989"]
[PlyCount "97"]
[EventDate "2022.11.17"]
[EventType "swiss"]
[EventRounds "7"]
[EventCountry "GER"]
[SourceTitle "CBM 212 Extra"]
[Source "ChessBase"]
[SourceDate "2023.03.31"]
[SourceVersion "1"]
[SourceVersionDate "2023.03.31"]
[SourceQuality "1"]

1. e4 e5 2. Nf3 Nc6 3. Bb5 a6 4. Ba4 Nf6 5. 0-0 Be7 6. Re1 b5 7. Bb3 0-0 8. a4 Bb7 9. d3 d6 10. Nbd2 Na5 11. Ba2 c5 12. c3 b4 13. Nc4 Nxc4 14. Bxc4 bxc3 15. bxc3 a5 16. Rb1 Bc6 17. Bb5 Qc7 18. Bxc6 Qxc6 19. c4 Ne8 20. Bd2 Nc7 21. Qc2 f5 22. Re3 Ne6 23. Rb5 Bg5 24. Nxg5 Nxg5 25. Re1 Ne6 26. Bc3 Qd7 27. Reb1 fxe4 28. dxe4 Nf4 29. f3 Qe6 30. Rb7 Rf6 31. Rb8+ Rxb8 32. Rxb8+ Kf7 33. Qb3 h6 34. Bxa5 Kg6 35. Bd8 Rf7 36. Qc2 Ra7 37. Bb6 Ra6 38. a5 Qd7 39. Qd2 Qe7 40. g3 Ne6 41. Qd5 Kh7 42. f4 exf4 43. Rb7 Qf6 44. Qf5+ Kg8 45. Qxf6 gxf6 46. Ra7 Rxa7 47. Bxa7 Nc7 48. gxf4 Na6 49. f5 1-0

[Event "Heusenstamm Schloss op"]
[Site "Heusenstamm"]
[Date "2022.11.18"]
[Round "2"]
[White "Nerz, Lenard"]
[Black "Minor, Dieter"]
[Result "1-0"]
[WhiteElo "1989"]
[BlackElo "1817"]
[PlyCount "125"]
[EventDate "2022.11.17"]
[EventType "swiss"]
[EventRounds "7"]
[EventCountry "GER"]
[SourceTitle "CBM 212 Extra"]
[Source "ChessBase"]
[SourceDate "2023.03.31"]
[SourceVersion "1"]
[SourceVersionDate "2023.03.31"]
[SourceQuality "1"]

1. e4 e5 2. Nf3 Nc6 3. Bb5 d6 4. d4 exd4 5. Nxd4 Bd7 6. Nc3 Nge7 7. 0-0 Nxd4 8. Qxd4 Bxb5 9. Nxb5 Nc6 10. Qc3 Qd7 11. Be3 a6 12. Nd4 Nxd4 13. Bxd4 f6 14. Rad1 Qc6 15. Qh3 Qd7 16. Qh5+ Qf7 17. Qd5 c6 18. Qxf7+ Kxf7 19. c4 Be7 20. Bb6 Rhe8 21. f3 Bd8 22. Bf2 Bc7 23. Rd3 Re6 24. Rfd1 b6 25. Bg3 Ke7 26. b4 c5 27. a3 Ra7 28. Rd5 a5 29. bxc5 bxc5 30. Rb1 Kd7 31. a4 Kc6 32. Be1 Rb7 33. Rb5 Rxb5 34. axb5+ Kb6 35. Rd1 Re8 36. Ra1 Ra8 37. Ra4 Kb7 38. Kf1 Bb6 39. Ke2 Kc7 40. Kd3 Kd7 41. Kc2 Ke6 42. g4 g5 43. Bg3 Re8 44. Ra3 h6 45. Rd3 Rd8 46. Kb3 Rd7 47. Be1 Ke5 48. Bc3+ Ke6 49. Rd1 Rf7 50. Ra1 Ra7 51. h4 Kf7 52. Rd1 Rd7 53. Rd5 Ke6 54. Ka4 Re7 55. Rd1 Rg7 56. hxg5 hxg5 57. Rh1 Bd8 58. Rh8 Rd7 59. Bxa5 Bxa5 60. Kxa5 Ke5 61. Kb6 Kd4 62. Kc6 Rf7 63. b6 1-0